|
|
|
|
| LEADER |
00688nta a2200193 i 4500 |
| 001 |
dipl106699 |
| 005 |
20210216092957.0 |
| 008 |
210216s2009 hu om 0|| zxx d |
| 040 |
|
|
|a SZTE Diploma Repozitórium
|b hun
|
| 041 |
|
|
|a zxx
|
| 100 |
1 |
|
|a Tóth Anett
|
| 245 |
1 |
0 |
|a Csongrád a kultúra tükrében
|h [elektronikus dokumentum] /
|c Anett Tóth
|
| 246 |
1 |
0 |
|a Csongrád city culture of the mirror
|h [elektronikus dokumentum]
|
| 260 |
|
|
|c 2009
|
| 650 |
|
4 |
|a Pedagógusképzés
|
| 650 |
|
4 |
|a Social sciences
|
| 650 |
|
4 |
|a Social and economic geography
|
| 700 |
2 |
|
|a Szécsiné Járási Anikó
|e ths
|
| 856 |
4 |
0 |
|u http://diploma.bibl.u-szeged.hu/id/eprint/106699/1/2009_toth_anett.pdf
|z Dokumentum-elérés
|